| 000 | 00602nam a22001937a 4500 | ||
|---|---|---|---|
| 005 | 20251108172658.0 | ||
| 008 | 250721s2003 xx 000 0 ara d | ||
| 082 | 1 | 4 | _a621.56/ربا |
| 100 | 1 |
_aرباح، منذر حسن _eمؤلف |
|
| 245 | 1 | 0 | _aالقياس و التحكم في أنظمة التكييف و التبريد و التدفئة / |
| 264 | 1 |
_aعمان : _bدار صفاء، _c2003. |
|
| 300 | _a234ص. | ||
| 650 | 1 | 7 | _aالتبريد |
| 650 | 1 | 7 | _aأنظمة التبريد |
| 650 | 1 | 7 | _aتكييف الهواء |
| 650 | 1 | 7 | _aالتدفئة |
| 942 |
_2ddc _cBK |
||
| 999 |
_c85727 _d85727 |
||